| 000 | 00463cam a22001217a 4500 | ||
|---|---|---|---|
| 008 | 180718b1983 xxu||||| |||| 00| 0 eng d | ||
| 082 | _aA81x54 In2/81/11/PT13B/RAJN | ||
| 100 | _aCensus of India 1981 | ||
| 245 | _aMadhya Pradesh district census handbook, Rajnandgaon: village and townwise primary census abstract | ||
| 260 |
_aBhopal _bThe Govt. of Madhya Pradesh _c1983 |
||
| 300 | _a231+p. | ||
| 440 | _aCensus of India 1981. Series-11, Madhya Pradesh. Part XIII-B | ||
| 999 |
_c482912 _d482912 |
||